LEADER 01539nam 2200493 450 001 9910480530703321 005 20201008121616.0 010 $a84-1324-331-9 035 $a(CKB)4100000009585126 035 $a(MiAaPQ)EBC6484021 035 $a(Au-PeEL)EBL6484021 035 $a(OCoLC)1124352304 035 $a(MiAaPQ)EBC6771482 035 $a(EXLCZ)994100000009585126 100 $a20201006d2019 uy 0 101 0 $aspa 135 $aurcnu|||||||| 181 $ctxt$2rdacontent 182 $cc$2rdamedia 183 $acr$2rdacarrier 200 00$aMorir antes de morir $eritos de iniciacio?n y experiencias mi?sticas en la historia de la cultura /$fJavier Alvarado Planas, David Herna?ndez de la Fuente (editores) 210 1$aMadrid :$cDykinson, S.L.,$d2019. 210 4$dİ2019 215 $a1 online resource (436 pages) 225 0 $aHistoria de la instituciones 311 $a84-1324-294-0 606 $aEscatologi?a 606 $aRitos de iniciacio?n 606 $aDeath$xReligious aspects 606 $aNear-death experiences 608 $aLibros electronicos. 615 4$aEscatologi?a. 615 4$aRitos de iniciacio?n. 615 0$aDeath$xReligious aspects. 615 0$aNear-death experiences. 676 $a202.3 702 $aAlvarado Planas$b Javier$f1958- 702 $aHerna?ndez de la Fuente$b David$f1974- 801 0$bFINmELB 801 1$bFINmELB 906 $aBOOK 912 $a9910480530703321 996 $aMorir antes de morir$92161957 997 $aUNINA